| 000 | 00524nam a22001937a 4500 | ||
|---|---|---|---|
| 003 | KOHA_MİRAKIL | ||
| 005 | 20240930101030.0 | ||
| 008 | 240929b2020 tu ||||| |||| 00| 0 tur d | ||
| 020 | _a9786055669911 | ||
| 040 |
_aTR-AnABB _btur _cTR-AnABB |
||
| 041 | _atur | ||
| 082 |
_a301 _bBES 2020 |
||
| 100 | _aBeşeri, Mehmet. | ||
| 245 | 0 |
_aKorona ve yeni dünya düzeni / _cMehmet Beşeri. |
|
| 260 |
_aİstanbul : _bİstanbul Yayınları, _c2020. |
||
| 300 |
_a296 sayfa ; _c20 cm. |
||
| 650 | _aSosyoloji | ||
| 942 |
_2ddc _cBK |
||
| 999 |
_c2850 _d2850 |
||